MARC

LEADER 00000nam0a2200000 4500
001 326144
005 20231102003831.0
035 |a (RuTPU)RU\TPU\book\351779 
090 |a 326144 
100 |a 20161219d1961 km y0rusy50 ca 
101 0 |a rus 
102 |a RU 
105 |a a z 001zy 
200 1 |a Русская станковая темперная живопись  |e техника и реставрация  |f В. В. Филатов 
210 |a Москва  |c Искусство  |d 1961 
215 |a 222 с.  |c ил. 
320 |a Библиогр.: с. 111-112 
606 1 |a Живописные материалы  |2 stltpush  |3 (RuTPU)RU\TPU\subj\10833  |9 37851 
610 1 |a станковая живопись 
610 1 |a станковая темперная живопись 
610 1 |a русская живопись 
610 1 |a реставрационные материалы 
610 1 |a реставрационные работы 
610 1 |a древнерусская живопись 
610 1 |a повреждения 
610 1 |a хранение 
675 |a 75.023  |v 4 
700 1 |a Филатов  |b В. В.  |g Виктор Васильевич 
801 1 |a RU  |b 63413507  |c 20161219 
801 2 |a RU  |b 63413507  |c 20200908  |g RCR 
942 |c BK